| 000 | 00946nam a22002897a 4500 | ||
|---|---|---|---|
| 999 |
_c1175 _d1175 |
||
| 001 | 20736 | ||
| 003 | BD-DhUAP | ||
| 005 | 20200203152041.0 | ||
| 008 | 200203s2017 enk b 001 0 eng | ||
| 020 | _a9781849467889 (hardback) | ||
| 020 | _z9781509918782 (e-PDF) | ||
| 020 | _z9781509918799 (ePub) | ||
| 040 |
_aDLC _bEng _cDLC _dBD-DhUAP |
||
| 082 | 0 | 0 |
_223 _a341.0268 LAN |
| 245 | 0 | 0 |
_aLandmark cases in public international law / _cedited by Eirik Bjorge and Cameron Miles. |
| 264 | 1 |
_aOxford and Portland, Oregon : _bHart Publishing, _cc2017. |
|
| 300 |
_axiv, 621 pages ; _c25 cm. |
||
| 490 | 0 | _aLandmark cases series | |
| 504 | _aIncludes bibliographical references and index. | ||
| 526 | _aSOL | ||
| 650 | 0 |
_aInternational law _xCases. _926076 |
|
| 700 | 1 |
_aBjørge, Eirik. _926077 |
|
| 700 | 1 |
_aMiles, Cameron A. _926078 |
|
| 942 |
_2ddc _cBK |
||